000 00829nam a2200289 a 4500
003 AR-BaBNM
005 20251128203315.0
008 082120s2002 ||||||||||||||000 | spa||
020 _a84-7100-435-6
040 _cAR-BaBNM
100 1 _aMartínez Torrón, Diego
245 0 0 _aLos liberales románticos españoles ante la descolonización americana
_b[1808-1833]
250 _a1ª ed.
260 _aMadrid
_bMapfre
_c1992
300 _a318 p.
490 0 _aRelación entre España y América
_vv. 8
504 _aBibliografía para consultar p. 303-310.
650 4 _aHISTORIA DE LAS IDEAS
650 4 _aHISTORIA CULTURAL
650 4 _aHISTORIA SOCIAL
650 4 _aGUERRA
651 4 _aEspaña
651 4 _aAmérica Latina
800 1 _aGallego, José Andrés
_ecoordinador
942 _cBK
998 _cmariana
999 _c2812
_d2812